| 000 | 00730nam a2200193 a 4500 | ||
|---|---|---|---|
| 003 | 0 | ||
| 005 | 20250220121801.0 | ||
| 008 | 111115s19uu xx 00 eng d | ||
| 050 |
_aPGS LB 1065.M87 _b.C726 2011 |
||
| 100 | _aColumna, Kylle Audrey C. | ||
| 245 |
_aMusic preference and extent in study habits of grade 6 students SISC / _cKylle Audrey C. Columna. |
||
| 260 |
_aLas PiƱas City, Philippines : _bSouthville International School and Colleges, _c2011. |
||
| 300 |
_a19 pages : _billustrations ; _c28 cm. |
||
| 504 | _aIncludes bibliographical references. | ||
| 650 |
_aStudy habits _vElementary students. |
||
| 650 |
_aMusic preferences _vChildren. |
||
| 650 |
_aStudents _vLearning strategies. |
||
| 942 |
_2lcc _cPASS |
||
| 999 |
_c98676 _d98676 |
||